Popularne numery rap/trap tygodnia 23-29.07 Spotify. - Statystyki

Ogólne statystyki
  • Ten quiz został rozwiązany 8 razy
  • Średni wynik to 22 z 30
Statystyki odpowiedzi
Wykonawca Odsłuchania Utwór % Poprawnych
Mata 2.14M Kiss cam (podryw roku)
100%
Mata, White 2115 1.56M La la la (oh oh)
100%
OIO 672K Amerykańskie Teledyski
86%
Sobel 813K Bandyta
86%
Guzior 502K BLUEBERRY
86%
Kizo 1.55M Disney
86%
Sobel 856K Fiołkowe Pole
86%
Sobel 425K Impreza
86%
Sobel 459K Kinol
86%
Kizo, Wac Toja 826K Nasze Lato
86%
Żabson, Kizo, ZetHa 1.04M Puerto Bounce
86%
Mata 440K Schodki
86%
Wiatr, Sobel, Be Vis 436K Testarossa
86%
OIO 591K Worki W Tłum
86%
Ekipa, Jacuś 679K Zygzak
86%
Guzior, Oskar83 467K FALA
71%
Kizo, Trill Pem 410K Fitness
71%
Chivas, White 2115 563K Mam Na Twarzy Krew I Tym Razem Nie Jest Sztuczna
71%
Mata 670K Patoreakcja
71%
OIO 620K Przypadkiem
71%
White 2115 606K Booker (baw się)
57%
Reto 388K Bourbon
57%
White 2115 415K California
57%
White 2115, Mata 441K Oh oh (lalala)
57%
Zdechły Osa 715K Patolove
57%
chillwagon 423K puff puff
57%
Tommy Cash, Quebonafide 419K Benz-Dealer
43%
Malik Montana 589K Głosy w Głowie
43%
Białas, White 2115 464K Święto Ogródka
43%
Tymek, Brodka, Urbanski 518K Ostatni
14%
Nie znaleziono quizów pasujących do podanych kryteriów
Rozkład punktacji
Procent ludzi z każdym wynikiem
Percentyl według liczby udzielonych odpowiedzi
Twoja historia wyników
Nie rozwiązałeś tego quizu